[Event "España ch 2008 sub 18"]
[Site "Padrón ESP"]
[Date "2008.07.29"]
[Round "4.37"]
[White "Cubillo Munoz, Miguel"]
[Black "Cuetos Lolo, Nekane"]
[Result "1-0"]
[WhiteElo "1923"]
[BlackElo "1790"]
[PlyCount "45"]
[EventDate "2008.07.27"]
[EventType "swiss"]
[EventRounds "9"]
[EventCountry "ESP"]
[Source "lmi"]
[SourceDate "2008.07.27"]

1. d4 Nf6 2. c4 d6 3. Nc3 g6 4. e4 Bg7 5. f3 O-O 6. Be3 c6 7. Qd2 Nbd7 8. O-O-O
Qc7 9. Kb1 a6 10. g4 b5 11. h4 Nb6 12. Rc1 b4 13. Nce2 c5 14. h5 a5 15. Bh6 a4
16. Ng3 a3 17. b3 e6 18. Bxg7 Kxg7 19. hxg6 fxg6 20. Qh6+ Kf7 21. Qxh7+ Nxh7
22. Rxh7+ Ke8 23. Rxc7 1-0

[Event "España ch 2008 sub 18"]
[Site "Padrón ESP"]
[Date "2008.07.29"]
[Round "4.38"]
[White "Marin Benito, Carla"]
[Black "Zapata Lopez, Julio"]
[Result "0-1"]
[WhiteElo "1785"]
[BlackElo "1921"]
[PlyCount "64"]
[EventDate "2008.07.27"]
[EventType "swiss"]
[EventRounds "9"]
[EventCountry "ESP"]
[Source "lmi"]
[SourceDate "2008.07.27"]

1. e4 d6 2. Nc3 g6 3. g3 Bg7 4. Bg2 e5 5. d3 Nc6 6. Be3 Nge7 7. Nge2 O-O 8. Qd2
f5 9. Bh6 Be6 10. Bxg7 Kxg7 11. f4 fxe4 12. dxe4 Qd7 13. Nd5 Rae8 14. O-O-O Bg4
15. h3 Bxe2 16. Qxe2 exf4 17. Nxf4 Ne5 18. h4 N7c6 19. h5 Qg4 20. Qe3 g5 21.
h6+ Kh8 22. Nh5 Ng6 23. Ng7 Re5 24. Rdf1 Rxf1+ 25. Rxf1 Qd7 26. Rf5 Qe7 27. Qf2
Kg8 28. Rf6 d5 29. exd5 Re2 30. Qf3 Nd4 31. d6 Nxf3 32. dxe7 Re1# 0-1

[Event "España ch 2008 sub 18"]
[Site "Padrón ESP"]
[Date "2008.07.29"]
[Round "4.40"]
[White "Elexpe Bastida, Oscar"]
[Black "Jimenez Lupianez, Laura"]
[Result "0-1"]
[WhiteElo "1676"]
[BlackElo "1901"]
[PlyCount "80"]
[EventDate "2008.07.27"]
[EventType "swiss"]
[EventRounds "9"]
[EventCountry "ESP"]
[Source "lmi"]
[SourceDate "2008.07.27"]

1. c4 c5 2. Nc3 Nc6 3. g3 g6 4. Bg2 Bg7 5. Nf3 e5 6. O-O Nge7 7. Rb1 O-O 8. a3
a5 9. d3 d6 10. Bg5 f6 11. Bd2 Be6 12. Ne1 d5 13. cxd5 Nxd5 14. Nc2 f5 15. b4
cxb4 16. axb4 a4 17. b5 Nce7 18. Nb4 Nxc3 19. Bxc3 Nd5 20. Nxd5 Bxd5 21. Bxd5+
Qxd5 22. Rb4 Rfc8 23. Qa1 a3 24. Rc1 a2 25. Rc4 Rxc4 26. dxc4 Qxc4 27. Bb2 Qxb5
28. Kf1 Qd5 29. Kg1 b5 30. Rc7 b4 31. f4 Rd8 32. Kf2 Bf8 33. fxe5 Bc5+ 34. Rxc5
Qxc5+ 35. Kf1 Qd5 36. Kf2 b3 37. h3 Qd1 38. e6 Qxa1 39. Bxa1 Rd1 40. e7 Kf7 0-1

[Event "España ch 2008 sub 18"]
[Site "Padrón ESP"]
[Date "2008.07.29"]
[Round "4.41"]
[White "Almagro Guardia, Elena"]
[Black "Charro Calvo, Jesus"]
[Result "1/2-1/2"]
[WhiteElo "1895"]
[BlackElo "1757"]
[PlyCount "46"]
[EventDate "2008.07.27"]
[EventType "swiss"]
[EventRounds "9"]
[EventCountry "ESP"]
[Source "lmi"]
[SourceDate "2008.07.27"]

1. c4 b6 2. Nc3 Bb7 3. d4 Nf6 4. Nf3 e6 5. e3 Bb4 6. Bd2 O-O 7. Bd3 d5 8. O-O
Nbd7 9. Rc1 Re8 10. Ne5 Nxe5 11. dxe5 Nd7 12. f4 Nc5 13. Be2 Ba6 14. cxd5 Bxe2
15. Qxe2 exd5 16. Rcd1 Bxc3 17. Bxc3 Ne4 18. Be1 c6 19. Qg4 Re6 20. Bh4 Qf8 21.
Rd4 Rg6 22. Qe2 Rh6 23. Be1 Rd8 1/2-1/2

[Event "España ch 2008 sub 18"]
[Site "Padrón ESP"]
[Date "2008.07.29"]
[Round "4.42"]
[White "Sousa Barreiro, Bieito"]
[Black "Renilla Merchan, Andres"]
[Result "0-1"]
[WhiteElo "1587"]
[BlackElo "1867"]
[PlyCount "90"]
[EventDate "2008.07.27"]
[EventType "swiss"]
[EventRounds "9"]
[EventCountry "ESP"]
[Source "lmi"]
[SourceDate "2008.07.27"]

1. d4 Nf6 2. c4 e5 3. dxe5 Ng4 4. Nf3 Bc5 5. e3 Nc6 6. Qd5 Qe7 7. a3 a5 8. g3
Ngxe5 9. Bg2 Nxf3+ 10. Qxf3 Ne5 11. Qe2 O-O 12. b3 Re8 13. O-O Ra6 14. Nc3 Rh6
15. e4 Rg6 16. Nd5 Qd8 17. Nf4 Rf6 18. Nd5 Rg6 19. Nf4 Rh6 20. Nd3 Nxd3 21.
Qxd3 Rg6 22. Be3 Bxe3 23. Qxe3 d6 24. Qc3 b6 25. Rad1 Qe7 26. Rd2 Bb7 27. f3 h5
28. Bh1 Bc8 29. Rff2 h4 30. g4 Qg5 31. h3 Qf4 32. Kf1 Ba6 33. Ke1 Qg3 34. Bg2
Rxe4+ 35. Kd1 Rge6 36. Kc2 Re3 37. Qb2 Bb7 38. Kb1 Bxf3 39. Rxf3 Rxf3 40. Bxf3
Qxf3 41. Rf2 Qxh3 42. Rh2 Qf1+ 43. Ka2 h3 44. g5 a4 45. Qd4 Re2+ 0-1

[Event "España ch 2008 sub 18"]
[Site "Padrón ESP"]
[Date "2008.07.29"]
[Round "4.43"]
[White "Perez Castellano, Susana"]
[Black "Pelegri Florit, Alex"]
[Result "1-0"]
[WhiteElo "1857"]
[BlackElo "1704"]
[PlyCount "85"]
[EventDate "2008.07.27"]
[EventType "swiss"]
[EventRounds "9"]
[EventCountry "ESP"]
[Source "lmi"]
[SourceDate "2008.07.27"]

1. e4 e6 2. d4 d5 3. Nc3 Nf6 4. exd5 exd5 5. Bd3 Bd6 6. Nge2 Bg4 7. f3 Bh5 8.
O-O O-O 9. Nf4 c6 10. Nce2 Na6 11. Ng3 Bg6 12. Nxg6 fxg6 13. Bxa6 bxa6 14. Qd3
a5 15. Bd2 Qc7 16. f4 Rae8 17. b3 Nh5 18. Nxh5 gxh5 19. g3 Re6 20. Rae1 Rg6 21.
Qf3 h4 22. Kg2 hxg3 23. hxg3 Rf5 24. Rf2 Be7 25. Bxa5 Qxa5 26. Rxe7 h5 27. Re8+
Kh7 28. Re5 Rgf6 29. Rxf5 Rxf5 30. Qd3 g6 31. a4 Qd8 32. Qe3 Qf6 33. c3 Qf7 34.
b4 Rf6 35. Re2 h4 36. Qe7 Kg7 37. Qe5 Kh7 38. Qg5 hxg3 39. Kxg3 Kg7 40. Rh2 Rf5
41. Qh6+ Kf6 42. Qh8+ Ke7 43. Rh7 1-0

[Event "España ch 2008 sub 18"]
[Site "Padrón ESP"]
[Date "2008.07.29"]
[Round "4.47"]
[White "Torres Leao-Coelho, Ana"]
[Black "Mougan Gonzalez, Santiago"]
[Result "1-0"]
[WhiteElo "1909"]
[BlackElo "1730"]
[PlyCount "61"]
[EventDate "2008.07.27"]
[EventType "swiss"]
[EventRounds "9"]
[EventCountry "ESP"]
[Source "lmi"]
[SourceDate "2008.07.27"]

1. b3 e5 2. Bb2 Nc6 3. e3 d5 4. Bb5 Bd6 5. f4 Qh4+ 6. g3 Qe7 7. Nf3 f6 8. Nc3
Be6 9. O-O Nh6 10. fxe5 fxe5 11. e4 Bc5+ 12. Kg2 d4 13. Nxe5 dxc3 14. Bxc3 Bd7
15. Bxc6 Bxc6 16. Qh5+ g6 17. Qxh6 Bxe4+ 18. Kh3 O-O-O 19. Nf7 Rd5 20. g4 Qd7
21. Qf4 Re8 22. Rae1 Rh5+ 23. Kg3 g5 24. Qf6 Rh4 25. Qxg5 Be7 26. Bf6 Rxg4+ 27.
Qxg4 Bd6+ 28. Nxd6+ cxd6 29. Qxd7+ Kxd7 30. Rf4 Rg8+ 31. Rg4 1-0

[Event "España ch 2008 sub 18"]
[Site "Padrón ESP"]
[Date "2008.07.29"]
[Round "5.1"]
[White "Vila Gazquez, Xavier"]
[Black "Salgado Lopez, Ivan"]
[Result "1/2-1/2"]
[WhiteElo "2419"]
[BlackElo "2532"]
[PlyCount "115"]
[EventDate "2008.07.27"]
[EventType "swiss"]
[EventRounds "9"]
[EventCountry "ESP"]
[Source "lmi"]
[SourceDate "2008.07.27"]

1. d4 Nf6 2. Nf3 g6 3. Nc3 d5 4. Bf4 c6 5. Ne5 Qb6 6. Na4 Qa5+ 7. c3 Bg7 8. e3
Nh5 9. Be2 Nxf4 10. exf4 Qc7 11. Bg4 O-O 12. O-O e6 13. Nc5 b6 14. Ncd3 c5 15.
g3 Qd6 16. h4 f6 17. Nf3 Nc6 18. Bh3 Bd7 19. Re1 c4 20. Nc1 Rae8 21. Bg2 b5 22.
a3 a5 23. Ne2 Re7 24. Qd2 Be8 25. g4 Bd7 26. g5 Ref7 27. Rf1 Bc8 28. Rae1 b4
29. axb4 axb4 30. gxf6 Rxf6 31. Ne5 bxc3 32. bxc3 Ne7 33. Qe3 Kh8 34. Qh3 Rf5
35. Ra1 Qc7 36. Ra8 Bb7 37. Rxf8+ Bxf8 38. Qg4 h5 39. Nxg6+ Nxg6 40. Qxg6 Qf7
41. Qxf7 Rxf7 42. Rb1 Bc6 43. Rb6 Bd7 44. Bh3 Re7 45. Ng3 e5 46. Bxd7 exd4 47.
Ba4 dxc3 48. Rb8 Kg8 49. Rd8 Ra7 50. Bc2 Ra2 51. Bf5 c2 52. Bxc2 Rxc2 53. Rxd5
c3 54. Rd8 Kf7 55. Rc8 Be7 56. Ne4 Bxh4 57. Rxc3 Bxf2+ 58. Kf1 1/2-1/2

[Event "España ch 2008 sub 18"]
[Site "Padrón ESP"]
[Date "2008.07.29"]
[Round "5.2"]
[White "Rubio Mejia, Luis Ignacio"]
[Black "Cabrera Trujillo, Jorge"]
[Result "0-1"]
[WhiteElo "2386"]
[BlackElo "2423"]
[PlyCount "86"]
[EventDate "2008.07.27"]
[EventType "swiss"]
[EventRounds "9"]
[EventCountry "ESP"]
[Source "lmi"]
[SourceDate "2008.07.27"]

1. d4 Nf6 2. c4 g6 3. Nc3 Bg7 4. e4 d6 5. Nf3 O-O 6. Be2 e5 7. O-O Nc6 8. d5
Ne7 9. b4 Ne8 10. c5 f5 11. Nd2 Nf6 12. f3 f4 13. Nc4 g5 14. Ba3 Ng6 15. b5
dxc5 16. Bxc5 Rf7 17. Kh1 h5 18. Rc1 Bf8 19. Bxf8 Qxf8 20. d6 Be6 21. dxc7 Rxc7
22. Nd5 Rd7 23. Na5 Nxd5 24. exd5 Bxd5 25. Qc2 Ne7 26. Bc4 Qf5 27. Bxd5+ Rxd5
28. Qb3 Qd7 29. a4 Kg7 30. Rfe1 Ng6 31. Nc4 b6 32. Rb1 g4 33. Qb2 Re8 34. a5
bxa5 35. b6 gxf3 36. gxf3 Qb7 37. bxa7 Qxa7 38. Qg2 Re6 39. Qg5 Qc7 40. Rec1
Rc5 41. Qf5 Rxc4 42. Rxc4 Qxc4 43. Rb7+ Kh6 0-1

[Event "España ch 2008 sub 18"]
[Site "Padrón ESP"]
[Date "2008.07.29"]
[Round "5.3"]
[White "Valmana Canto, Jaime"]
[Black "Recuero Guerra, David"]
[Result "0-1"]
[WhiteElo "2376"]
[BlackElo "2417"]
[PlyCount "60"]
[EventDate "2008.07.27"]
[EventType "swiss"]
[EventRounds "9"]
[EventCountry "ESP"]
[Source "lmi"]
[SourceDate "2008.07.27"]

1. e4 c5 2. Nf3 d6 3. c3 Nf6 4. Be2 Bg4 5. O-O Nbd7 6. h3 Bh5 7. d3 h6 8. g4
Bg6 9. Nh4 Bh7 10. f4 c4 11. g5 cxd3 12. Bxd3 Qb6+ 13. Kh2 hxg5 14. fxg5 Bxe4
15. gxf6 Bxd3 16. Qxd3 Rxh4 17. Bg5 Rh5 18. fxe7 Rxg5 19. exf8=Q+ Kxf8 20. Na3
d5 21. Nb5 a6 22. Qd2 Rh5 23. Nd4 Nf6 24. Rf3 Qd6+ 25. Kh1 Ne4 26. Qe2 Rg5 27.
Raf1 f6 28. Qh2 Qxh2+ 29. Kxh2 Kf7 30. Ne2 Nd2 0-1

[Event "España ch 2008 sub 18"]
[Site "Padrón ESP"]
[Date "2008.07.29"]
[Round "5.4"]
[White "Alonso Rosell, Alvar"]
[Black "Espinosa Aranda, Angel"]
[Result "1-0"]
[WhiteElo "2393"]
[BlackElo "2313"]
[PlyCount "95"]
[EventDate "2008.07.27"]
[EventType "swiss"]
[EventRounds "9"]
[EventCountry "ESP"]
[Source "lmi"]
[SourceDate "2008.07.27"]

1. d4 d5 2. c4 dxc4 3. Nf3 Nf6 4. e3 e6 5. Bxc4 a6 6. O-O c5 7. dxc5 Qxd1 8.
Rxd1 Bxc5 9. Be2 O-O 10. Nbd2 Nbd7 11. b3 b6 12. Bb2 Bb7 13. Nc4 Rfd8 14. Ne1
b5 15. Ne5 Nxe5 16. Bxe5 Nd5 17. Nd3 Bb6 18. Bf3 f6 19. Bb2 Rd7 20. Nf4 Re7 21.
Ba3 Ree8 22. Nxd5 exd5 23. Bxd5+ Bxd5 24. Rxd5 Red8 25. Rad1 Rxd5 26. Rxd5 Rc8
27. Rd2 Ba5 28. Re2 Rd8 29. f4 Rd1+ 30. Kf2 Kf7 31. Bc5 Rc1 32. Bd4 f5 33. Bb2
Rc6 34. Kf3 g6 35. g4 Bc7 36. Rg2 Ke6 37. gxf5+ gxf5 38. e4 Bd8 39. Rd2 fxe4+
40. Kxe4 Bf6 41. f5+ Kf7 42. Ba3 a5 43. Rd7+ Ke8 44. Rd6 Rxd6 45. Bxd6 Kd7 46.
Kd5 a4 47. b4 h5 48. Kc5 1-0

[Event "España ch 2008 sub 18"]
[Site "Padrón ESP"]
[Date "2008.07.29"]
[Round "5.5"]
[White "Garcia Blanco, Omar"]
[Black "Arribas Lopez, Angel"]
[Result "0-1"]
[WhiteElo "2169"]
[BlackElo "2332"]
[PlyCount "86"]
[EventDate "2008.07.27"]
[EventType "swiss"]
[EventRounds "9"]
[EventCountry "ESP"]
[Source "lmi"]
[SourceDate "2008.07.27"]

1. e4 c5 2. c3 g6 3. d4 cxd4 4. cxd4 d5 5. exd5 Qxd5 6. Be3 Bg7 7. Nf3 Nf6 8.
Nbd2 O-O 9. Bc4 Qa5 10. O-O Nc6 11. a3 Bf5 12. b4 Qd8 13. Qb3 Qd6 14. d5 Ne5
15. Bc5 Nxf3+ 16. Qxf3 Qd8 17. Rae1 Re8 18. h3 h5 19. Re5 Nd7 20. Rxf5 gxf5 21.
Qxf5 Nxc5 22. bxc5 Qc8 23. Qxh5 Qxc5 24. Rd1 Rad8 25. g4 e6 26. Bb3 exd5 27.
Nf3 Re2 28. Qh4 Qe7 29. Ng5 Re1+ 30. Rxe1 Qxe1+ 31. Kg2 Qe5 32. Qh7+ Kf8 33. h4
Qf4 34. Qh5 Rd6 35. Nf3 Rg6 36. Qxd5 Qxg4+ 37. Kf1 Qg2+ 38. Ke2 Re6+ 39. Kd1
Qf1+ 40. Kc2 Rc6+ 41. Kd2 Qxf2+ 42. Kd1 Qf1+ 43. Ne1 Qf6 0-1

[Event "España ch 2008 sub 18"]
[Site "Padrón ESP"]
[Date "2008.07.29"]
[Round "5.6"]
[White "Hernandez Munoz, Antonio"]
[Black "Moreno Gracia, Daniel"]
[Result "0-1"]
[WhiteElo "2044"]
[BlackElo "2292"]
[PlyCount "34"]
[EventDate "2008.07.27"]
[EventType "swiss"]
[EventRounds "9"]
[EventCountry "ESP"]
[Source "lmi"]
[SourceDate "2008.07.27"]

1. e4 c5 2. Nf3 d6 3. d4 Nf6 4. Nc3 cxd4 5. Nxd4 a6 6. Bc4 e6 7. Bb3 b5 8. Bg5
Be7 9. Qf3 Qb6 10. O-O-O O-O 11. Rhe1 Nbd7 12. Qg3 Nc5 13. f4 Bb7 14. Bxf6 Bxf6
15. Kb1 Bxd4 16. Ne2 Nxb3 17. axb3 Bf2 0-1

[Event "España ch 2008 sub 18"]
[Site "Padrón ESP"]
[Date "2008.07.29"]
[Round "5.7"]
[White "Senlle Caride, Miguel"]
[Black "Diaz Herrero, Alvaro"]
[Result "1/2-1/2"]
[WhiteElo "2289"]
[BlackElo "2034"]
[PlyCount "28"]
[EventDate "2008.07.27"]
[EventType "swiss"]
[EventRounds "9"]
[EventCountry "ESP"]
[Source "lmi"]
[SourceDate "2008.07.27"]

1. g3 c5 2. Bg2 Nc6 3. Nf3 g6 4. O-O Bg7 5. c3 d5 6. d4 cxd4 7. cxd4 Nf6 8. Nc3
O-O 9. Bf4 Ne4 10. Rc1 Nxc3 11. Rxc3 Qb6 12. Rb3 Qa5 13. Ra3 Qb6 14. Rb3 Qa5
1/2-1/2

[Event "España ch 2008 sub 18"]
[Site "Padrón ESP"]
[Date "2008.07.29"]
[Round "5.8"]
[White "Mestre Bellido, Hector"]
[Black "Gil Quilez, David"]
[Result "1/2-1/2"]
[WhiteElo "2284"]
[BlackElo "2031"]
[PlyCount "68"]
[EventDate "2008.07.27"]
[EventType "swiss"]
[EventRounds "9"]
[EventCountry "ESP"]
[Source "lmi"]
[SourceDate "2008.07.27"]

1. e4 e5 2. Nf3 Nc6 3. Bc4 Nf6 4. d3 Be7 5. c3 O-O 6. O-O d6 7. Nbd2 Na5 8. Bb5
a6 9. Ba4 b5 10. Bc2 c5 11. Re1 Re8 12. Nf1 Bf8 13. Bg5 h6 14. Bxf6 Qxf6 15.
Ne3 Be6 16. Nd5 Bxd5 17. exd5 g6 18. Qe2 Qd8 19. Rad1 Bg7 20. Qd2 f5 21. Re2 g5
22. h3 Qf6 23. Qe1 Rf8 24. d4 e4 25. Nh2 cxd4 26. cxd4 Nc4 27. Bb3 Qf7 28. f3
exf3 29. Nxf3 Qxd5 30. Re7 Rf7 31. Kh1 Raf8 32. Rxf7 Qxf7 33. Nd2 d5 34. Nxc4
dxc4 1/2-1/2

[Event "España ch 2008 sub 18"]
[Site "Padrón ESP"]
[Date "2008.07.29"]
[Round "5.9"]
[White "Galvan Ruiz, Mario"]
[Black "Robles Garcia, Claudia"]
[Result "1/2-1/2"]
[WhiteElo "2019"]
[BlackElo "2256"]
[PlyCount "32"]
[EventDate "2008.07.27"]
[EventType "swiss"]
[EventRounds "9"]
[EventCountry "ESP"]
[Source "lmi"]
[SourceDate "2008.07.27"]

1. e4 c5 2. Nf3 d6 3. d4 cxd4 4. Nxd4 Nf6 5. Nc3 a6 6. Be2 e5 7. Nb3 Be7 8. O-O
O-O 9. Be3 Be6 10. Qd2 Nbd7 11. a4 Nc5 12. Nxc5 dxc5 13. Rfd1 Rc8 14. Qxd8
Rfxd8 15. Bf3 h6 16. h3 Kf8 1/2-1/2

[Event "España ch 2008 sub 18"]
[Site "Padrón ESP"]
[Date "2008.07.29"]
[Round "5.10"]
[White "Hernandez Leon, Alberto"]
[Black "Rodrigo Yanguas, Maria"]
[Result "1-0"]
[WhiteElo "2236"]
[BlackElo "1999"]
[PlyCount "69"]
[EventDate "2008.07.27"]
[EventType "swiss"]
[EventRounds "9"]
[EventCountry "ESP"]
[Source "lmi"]
[SourceDate "2008.07.27"]

1. d4 f5 2. c4 g6 3. Nc3 Nf6 4. h4 d6 5. h5 Bg7 6. h6 Bf8 7. Nf3 e6 8. Bg5 Be7
9. Qc2 Nbd7 10. O-O-O O-O 11. e4 fxe4 12. Nxe4 Nxe4 13. Bxe7 Qxe7 14. Qxe4 Nf6
15. Qh4 Bd7 16. Re1 Rae8 17. Bd3 c6 18. Qg5 b5 19. Nh4 Nh5 20. Qxe7 Rxe7 21.
Bxg6 Nf4 22. Bc2 bxc4 23. Nf5 Ree8 24. Nxd6 Rb8 25. Nxc4 Rb4 26. b3 a5 27. Rh4
Ng6 28. Bxg6 hxg6 29. Ne5 Be8 30. Nd3 Rb8 31. Rxe6 a4 32. b4 Bf7 33. Re7 Bxa2
34. Rg7+ Kh8 35. Ne5 1-0

[Event "España ch 2008 sub 18"]
[Site "Padrón ESP"]
[Date "2008.07.29"]
[Round "5.11"]
[White "Rodriguez Lorenzo, Yadira"]
[Black "Camacho Collados, Marcos"]
[Result "0-1"]
[WhiteElo "1984"]
[BlackElo "2230"]
[PlyCount "50"]
[EventDate "2008.07.27"]
[EventType "swiss"]
[EventRounds "9"]
[EventCountry "ESP"]
[Source "lmi"]
[SourceDate "2008.07.27"]

1. e4 c5 2. Nf3 e6 3. d4 cxd4 4. Nxd4 Nf6 5. Bd3 d6 6. c4 Be7 7. Nc3 O-O 8. O-O
Nbd7 9. b3 a6 10. Be3 Qc7 11. Rc1 b6 12. f3 Bb7 13. Qe1 Rad8 14. Bb1 Rfe8 15.
Qf2 Bf8 16. Rfd1 Qb8 17. Kh1 Ba8 18. Rd2 Ne5 19. Rcd1 d5 20. cxd5 exd5 21. exd5
Nxd5 22. Nxd5 Rxd5 23. Bf4 Nd3 24. Bxb8 Nxf2+ 25. Rxf2 Rxd4 0-1

[Event "España ch 2008 sub 18"]
[Site "Padrón ESP"]
[Date "2008.07.29"]
[Round "5.12"]
[White "Fernandez Borrego, Pablo"]
[Black "Arce Calva, Elvira"]
[Result "1/2-1/2"]
[WhiteElo "2229"]
[BlackElo "1876"]
[PlyCount "113"]
[EventDate "2008.07.27"]
[EventType "swiss"]
[EventRounds "9"]
[EventCountry "ESP"]
[Source "lmi"]
[SourceDate "2008.07.27"]

1. f4 d5 2. Nf3 c6 3. b3 Nf6 4. g3 Bg4 5. Bg2 e6 6. Bb2 Bd6 7. e3 O-O 8. h3
Bxf3 9. Qxf3 Qe7 10. O-O Nfd7 11. d3 f5 12. e4 Na6 13. exf5 exf5 14. Nd2 Rfe8
15. c4 Bb4 16. Rad1 Nb6 17. Be5 dxc4 18. bxc4 Rad8 19. Nb3 Rd7 20. Rf2 Red8 21.
Rc2 Nc5 22. d4 Ne6 23. Kh2 a5 24. c5 Nd5 25. a3 Bxa3 26. Nxa5 Bb4 27. Nc4 Ra8
28. Qb3 Bxc5 29. dxc5 Nxc5 30. Qb1 Ne4 31. Rxd5 Rxd5 32. Nb6 Rb5 33. Qxb5 cxb5
34. Nxa8 Qd8 35. Bf1 Qxa8 36. Bxb5 Qd8 37. Bc4+ Kf8 38. Be2 Qb6 39. Bf1 Qb3 40.
Rc8+ Ke7 41. Rc7+ Kd8 42. Rxg7 Qc2+ 43. Bg2 b5 44. g4 fxg4 45. Rxg4 b4 46. f5
Nd2 47. Bf6+ Ke8 48. Rxb4 Nf1+ 49. Kg1 Qc5+ 50. Rd4 Ng3 51. Kh2 Nxf5 52. Re4+
Kf7 53. Be5 Kg6 54. Re2 Qc4 55. Rf2 Qc5 56. Re2 Qc4 57. Rf2 1/2-1/2

[Event "España ch 2008 sub 18"]
[Site "Padrón ESP"]
[Date "2008.07.29"]
[Round "5.13"]
[White "Dominguez Pons, Eric"]
[Black "Varona Poncela, Tomas"]
[Result "1/2-1/2"]
[WhiteElo "2259"]
[BlackElo "2064"]
[PlyCount "60"]
[EventDate "2008.07.27"]
[EventType "swiss"]
[EventRounds "9"]
[EventCountry "ESP"]
[Source "lmi"]
[SourceDate "2008.07.27"]

1. e4 e6 2. d4 d5 3. Nc3 Bb4 4. Bd3 Bd7 5. Nf3 dxe4 6. Bxe4 Bc6 7. O-O Nf6 8.
Bg5 Bxc3 9. Bxc6+ Nxc6 10. bxc3 O-O 11. Rb1 b6 12. Qe2 Ne7 13. Bxf6 gxf6 14. c4
Kh8 15. Rfe1 Ng6 16. Rbd1 Rg8 17. g3 a5 18. Qe3 a4 19. d5 e5 20. h4 Qd7 21. h5
Qh3 22. hxg6 Rxg6 23. Nxe5 fxe5 24. Qxe5+ f6 25. Qe4 Rag8 26. Rd3 Rg4 27. Qe6
Rxg3+ 28. Rxg3 Rxg3+ 29. fxg3 Qxg3+ 30. Kh1 Qf3+ 1/2-1/2

[Event "España ch 2008 sub 18"]
[Site "Padrón ESP"]
[Date "2008.07.29"]
[Round "5.14"]
[White "Chueca Forcen, Alberto"]
[Black "Vila Gonzalez, Daniel"]
[Result "1-0"]
[WhiteElo "2254"]
[BlackElo "2039"]
[PlyCount "81"]
[EventDate "2008.07.27"]
[EventType "swiss"]
[EventRounds "9"]
[EventCountry "ESP"]
[Source "lmi"]
[SourceDate "2008.07.27"]

1. d4 d5 2. c4 c6 3. Nf3 Nf6 4. Nc3 e6 5. Bg5 dxc4 6. e4 b5 7. e5 h6 8. Bh4 g5
9. exf6 gxh4 10. Ne5 Qxf6 11. a4 Bb4 12. Be2 h3 13. Bf3 hxg2 14. Bxg2 Ba6 15.
Nxc6 Bb7 16. axb5 Qg5 17. Kf1 Bxc3 18. bxc3 Qxb5 19. Rb1 Qa6 20. Rxb7 Nxc6 21.
Rc7 Rb8 22. Bxc6+ Kd8 23. Rd7+ Kc8 24. Ba4 Rb3 25. Qa1 Rf8 26. Rxf7 Rb1+ 27.
Qxb1 Rxf7 28. Qb5 Qxb5 29. Bxb5 Rf3 30. Bxc4 Kd7 31. Bb5+ Kc7 32. c4 Rd3 33.
Kg2 Rxd4 34. Ra1 Kb7 35. Ra6 Rg4+ 36. Kf3 Rg6 37. Rd6 Rf6+ 38. Ke3 Rf5 39. Rxe6
Rh5 40. f4 Rxh2 41. f5 1-0

[Event "España ch 2008 sub 18"]
[Site "Padrón ESP"]
[Date "2008.07.29"]
[Round "5.15"]
[White "Velandrino Gomez, Maria Cielo"]
[Black "Barbero Senidic, Alejandro"]
[Result "0-1"]
[WhiteElo "1995"]
[BlackElo "2244"]
[PlyCount "80"]
[EventDate "2008.07.27"]
[EventType "swiss"]
[EventRounds "9"]
[EventCountry "ESP"]
[Source "lmi"]
[SourceDate "2008.07.27"]

1. d4 d5 2. c4 c6 3. Nf3 Nf6 4. Qb3 g6 5. Nc3 Bg7 6. Bf4 O-O 7. e3 dxc4 8. Bxc4
b5 9. Be2 Be6 10. Qc2 Nbd7 11. Ng5 Bc4 12. Bxc4 bxc4 13. O-O Nd5 14. Bg3 e5 15.
Nf3 exd4 16. Nxd4 Nxc3 17. bxc3 c5 18. Nb5 Qf6 19. Nd6 Nb6 20. Rac1 Rfd8 21. e4
Qe7 22. Rcd1 h5 23. h3 Qd7 24. Nxc4 Qa4 25. Qxa4 Nxa4 26. e5 Nxc3 27. Rxd8+
Rxd8 28. Re1 h4 29. Bh2 Rd4 30. Nd6 Nxa2 31. g4 c4 32. Ra1 Rxd6 33. Rxa2 Rc6
34. Rxa7 Bh6 35. Ra2 c3 36. Rc2 Bd2 37. Kf1 Rb6 38. Ke2 Rb1 39. e6 fxe6 40. Kf3
Rb2 0-1

[Event "España ch 2008 sub 18"]
[Site "Padrón ESP"]
[Date "2008.07.29"]
[Round "5.16"]
[White "Olmo Vega, Diego"]
[Black "Garcia Moreno, Carlos"]
[Result "0-1"]
[WhiteElo "1978"]
[BlackElo "2176"]
[PlyCount "108"]
[EventDate "2008.07.27"]
[EventType "swiss"]
[EventRounds "9"]
[EventCountry "ESP"]
[Source "lmi"]
[SourceDate "2008.07.27"]

1. e4 e5 2. Nf3 Nc6 3. Bb5 a6 4. Ba4 Nf6 5. O-O Be7 6. Re1 b5 7. Bb3 d6 8. c3
O-O 9. h3 Nb8 10. d4 Nbd7 11. Nbd2 Bb7 12. Bc2 Re8 13. Nf1 Bf8 14. Ng3 g6 15.
b3 c6 16. Qd2 Qc7 17. Bb2 Bg7 18. Rad1 Rad8 19. a4 Nb6 20. axb5 cxb5 21. Bb1
Nfd7 22. Rc1 d5 23. dxe5 dxe4 24. Nd4 Nc5 25. Qe2 Bxe5 26. Nf1 f5 27. Ne3 Bg7
28. b4 Nd3 29. Bxd3 exd3 30. Qxd3 Qf7 31. Qf1 f4 32. Nec2 Nc4 33. Rxe8+ Rxe8
34. Ba1 Qd5 35. Rd1 Qg5 36. Rd3 Be4 37. Rd1 f3 38. g3 Be5 39. Kh2 h5 40. Kh1 h4
41. g4 Qf4 42. Qg1 Rd8 43. Re1 Bxc2 44. Nxc2 Rd2 45. Nd4 Kf7 46. Nc6 Bd6 47.
Nd8+ Kg8 48. Ne6 Qh2+ 49. Qxh2 Bxh2 50. Kxh2 Rxf2+ 51. Kh1 Re2 52. Rf1 Nd2 53.
Rxf3 Nxf3 54. Nd4 Rh2# 0-1

[Event "España ch 2008 sub 18"]
[Site "Padrón ESP"]
[Date "2008.07.29"]
[Round "5.17"]
[White "Gago Padreny, Ignacio"]
[Black "Pintor Munoz, Francisco"]
[Result "1-0"]
[WhiteElo "2169"]
[BlackElo "1808"]
[PlyCount "147"]
[EventDate "2008.07.27"]
[EventType "swiss"]
[EventRounds "9"]
[EventCountry "ESP"]
[Source "lmi"]
[SourceDate "2008.07.27"]

1. d4 Nf6 2. c4 e6 3. Nc3 Bb4 4. e3 O-O 5. Bd3 c5 6. Nf3 d5 7. O-O cxd4 8. exd4
dxc4 9. Bxc4 b6 10. Bg5 Bb7 11. Re1 Nbd7 12. Rc1 Rc8 13. Bd3 Be7 14. Bb1 Nd5
15. Qd3 g6 16. Bh6 Re8 17. Qe2 Nxc3 18. bxc3 Bf8 19. Bf4 Bg7 20. Red1 Nf6 21.
Bd3 Nd5 22. Bd2 Qd6 23. Ne5 Ne7 24. Ng4 Nf5 25. f3 Qe7 26. Rb1 Bd5 27. a4 h5
28. Ne5 Nd6 29. Rdc1 Bxe5 30. Qxe5 Nc4 31. Bxc4 Bxc4 32. Bg5 Qf8 33. Qf4 Kh7
34. g4 f5 35. gxh5 gxh5 36. Rb2 Qf7 37. Rg2 Rg8 38. Kh1 Rg7 39. Rcg1 Rcg8 40.
h4 Bd5 41. Rc1 Qb7 42. Rf2 Bc4 43. Qe3 Qd5 44. Kh2 Qd7 45. Re1 Qd5 46. Qd2 Qd7
47. Qd1 Qf7 48. Re5 Re8 49. a5 b5 50. a6 Rc8 51. Rc5 Rxc5 52. dxc5 Qc7+ 53. f4
Qf7 54. c6 Bd5 55. c7 Qxc7 56. Qxh5+ Kg8 57. Bf6 Qf7 58. Qh6 Rh7 59. Qg5+ Kf8
60. Rb2 Rh5 61. Rxb5 Rxg5 62. Rb8+ Qe8 63. Rxe8+ Kxe8 64. fxg5 Bc4 65. h5 f4
66. g6 Bd3 67. Bd4 Kf8 68. Bxa7 Kg7 69. Bd4+ Kh6 70. a7 Be4 71. Be5 f3 72. Kg3
Bd5 73. c4 Bc6 74. Bd4 1-0